[Event "Tata Steel-A 75th"]
[Site "Wijk aan Zee"]
[Date "2013.01.19"]
[Round "7"]
[White "Karjakin, Sergey"]
[Black "Aronian, Levon"]
[Result "1/2-1/2"]
[WhiteElo "2780"]
[BlackElo "2802"]
[Annotator "CB"]
[PlyCount "110"]
[EventDate "2013.01.12"]
[EventType "tourn"]
[EventRounds "13"]
[EventCountry "NED"]
[EventCategory "20"]
[SourceTitle "CBM 153"]
[Source "ChessBase"]
[SourceDate "2013.03.14"]
[SourceVersion "1"]
[SourceVersionDate "2013.03.14"]
[SourceQuality "1"]

{The biggest miss of the day was certainly by Levon Aronian. With very
powerful play, he sacrificed a pawn temporarily to obtain the pair of bishops
and a certain initiative.} 1. e4 e5 2. Nf3 Nc6 3. Bb5 a6 4. Ba4 Nf6 5. O-O Be7
6. Re1 b5 7. Bb3 O-O 8. a4 b4 9. d3 d6 10. Nbd2 Na5 11. Ba2 c5 12. c3 Rb8 13.
Nc4 Nc6 14. h3 h6 15. d4 cxd4 16. cxd4 exd4 17. Bf4 b3 18. Bxb3 Be6 19. Ba2 d3
20. Qxd3 Nb4 21. Qe2 Nxa2 22. Rxa2 Rc8 23. b3 Nxe4 24. Rc2 Bf6 25. Qxe4 d5 26.
Qe2 dxc4 27. bxc4 Qa5 28. Be5 Bxe5 29. Qxe5 Qxa4 30. Nd4 Bxh3 $1 {After this
White's position becomes very difficult, the bishop being poisoned due to a
tactic on the e-file.} 31. Qf4 Bd7 32. Re7 Rce8 33. Rxe8 Rxe8 34. Qd6 Re1+ 35.
Kh2 Rd1 36. Rc3 Qa1 37. Qb8+ Kh7 38. Ne2 Bg4 $2 {In time pressure Aronian was
unable to correctly choose one of many winning continuations, but certainly
retained the initiative nonetheless.} 39. Qf4 Rh1+ 40. Kg3 h5 41. Re3 Qa5 $2 {
This allowed Karjakin back in the game.} ({His last chance to win was} 41...
Be6 $1 {after which Karjakin would have had to simplify into a hopeless
endgame.}) 42. Nd4 Qd8 43. Nf3 f6 44. Qe4+ Kh6 45. Nh4 Qd6+ 46. f4 Rxh4 47.
Kxh4 Qc5 48. Kg3 Bf5 49. Qe8 Qxc4 50. Qh8+ Bh7 51. Qb8 a5 52. Kh2 Bf5 53. Qh8+
Bh7 54. Qb8 Bf5 55. Qh8+ Bh7 1/2-1/2

[Event "RUS-chT 23rd"]
[Site "Sochi"]
[Date "2016.05.06"]
[Round "6.1"]
[White "Karjakin, Sergey"]
[Black "Svidler, Peter"]
[Result "0-1"]
[WhiteElo "2779"]
[BlackElo "2762"]
[Annotator "CB"]
[PlyCount "112"]
[EventDate "2016.05.01"]
[EventType "team-tourn"]
[EventRounds "10"]
[EventCountry "RUS"]
[SourceTitle "CBM 173"]
[Source "ChessBase"]
[SourceDate "2016.07.12"]
[SourceVersion "1"]
[SourceVersionDate "2016.07.12"]
[SourceQuality "1"]
[WhiteTeam "Moscow Legacy Square"]
[BlackTeam "St Petersburg Bronze Horseman"]
[WhiteTeamCountry "RUS"]
[BlackTeamCountry "RUS"]

1. e4 e5 2. Nf3 Nc6 3. Bb5 a6 4. Ba4 Nf6 5. O-O Be7 6. Re1 b5 7. Bb3 O-O 8. a4
{currently the main line against Black's "threat" to play the Marshall Gambit
after} (8. c3 d5 9. exd5 Nxd5 10. Nxe5 Nxe5 11. Rxe5 c6 $44) 8... b4 9. d4 d6
10. dxe5 {Black threatened ...10...Bg4, putting the Nf3 into an annoying pin.
Therefore White clarifies matters in the center.} (10. h3 {stops ... Bg4, but
now Black can seize the initiative:} exd4 11. Nxd4 Na5 12. Ba2 c5 13. Nb3 (13.
Nf3 Bb7 $36 14. Nbd2 Qc7 {and White does not manage to regroup the Nd2.}) 13...
Nc6 14. Bf4 Be6 {0-1 (53) Vachier Lagrave,M (2745) -Karjakin,S (2756) Beijing
2013}) 10... dxe5 11. Nbd2 {Karjakin intends to play the knight to c4 with the
idea to play a5 which isolates the pawn b4.} Bc5 (11... Bg4 12. h3 Bh5 13. g4
Bg6 14. Nc4 $13 {1/2-1/2 (28) Lampert,J (2376) -Boguslavsky,O (2442) Germany
2014}) 12. a5 h6 13. h3 Qd6 {Svidler has faith in his opening strategies. In
2014 he played two games against Karjakin, in which this position was on the
board and Svidler has always opted for ...Qd6 - with success.} (13... Qe7 14.
Qe2 (14. Bd5 $5 Bb7 15. Nb3 Ba7 16. Qd3 $13) 14... Be6 15. Bc4 Nd4 16. Nxd4
Bxd4 17. Nb3 Rfd8 18. Nxd4 Bxc4 19. Nf5 Qe6 20. Qf3 Kh7 21. b3 Bb5 22. Qg3 Rg8
23. Qh4 Ne8 24. Bd2 Nd6 25. Qe7 Rge8 26. Qxe6 Rxe6 27. Bxb4 Nxf5 28. exf5 Ree8
29. Rad1 Bc6 30. Rd3 Rab8 31. Rc3 Bd5 32. Ba3 Rb5 33. Rxc7 Rxa5 34. Bd6 f6 35.
c4 Bg8 36. Re3 e4 37. Rg3 Rxf5 38. Rgxg7+ Kh8 39. Rg6 Rh5 40. g4 Rxh3 41. Kg2 {
1-0 (41) Caruana,F (2791) -Tomashevsky,E (2695) Dubai 2014}) 14. Qe2 {Karjakin
removes the queen from the d-file to win a tempo with Nc4.} Be6 (14... Nh5 $5 {
was successfully played by Svidler in October 2014. In CBM 163 Postny gives ...
Nh5 an exclamation mark. However, Svidler might not have been entirely
convinced about the merits of ...Nh5 and decided to play ...Be6 instead.} 15.
Nc4 Qf6 16. Be3 $146 (16. Ne3 $2 {is a mistake that allows Black to carry out
his plan without too much trouble:} Nf4 17. Qc4 Nxg2 $1 18. Kxg2 Bxh3+ 19. Kxh3
Qxf3+ 20. Kh2 Nd4 $40 21. Rf1 Qh5+ 22. Kg2 Qf3+ 23. Kh2 Bd6 24. c3 Qh5+ 25. Kg2
Qf3+ 26. Kh2 Qh5+ 27. Kg2 Qf3+ {1/2-1/2 (27) Karjakin,S (2767)-Svidler,P (2732)
Baku 2014 CBM 163 [Postny,E]}) 16... Nf4 17. Bxf4 Qxf4 18. c3 {and the pawn on
e5 is very weak.} Be6 (18... Bxh3 19. gxh3 Qg3+ 20. Kh1 Qxh3+ 21. Nh2 bxc3 22.
bxc3 Qxc3 23. Ba4 $14) 19. Ba4 $16) 15. Nc4 Qe7 16. c3 $146 {Karjakin's
improvement. In a previous game he played} (16. Be3 Rab8 17. Red1 Nxe4 18. Ba4
Ng3 19. fxg3 Bxc4 20. Qxc4 Bxe3+ {and Black had no problems.} 21. Kh2 Nxa5 22.
Qe4 Bb6 23. Rd5 Nb7 24. Rxe5 Qf6 25. Qxb4 Nc5 26. Qf4 Qxf4 27. gxf4 Ba7 28. b3
Rb4 29. Bc6 Rxf4 30. Ra5 Ne6 31. Rxa6 Bc5 32. Re1 Nd4 33. Nxd4 Rxd4 34. Re2 h5
35. Ra4 Rfd8 36. Rxd4 Bxd4 37. Re8+ Rxe8 38. Bxe8 Kf8 39. Bc6 h4 40. g4 hxg3+
41. Kxg3 {1/2-1/2 (41) Karjakin,S (2770)-Svidler,P (2743) Kazan 2014}) 16...
bxc3 17. bxc3 Nh5 $5 {Apparently Karjakin did not spend too much time on this
move during his preparations. However, he now invested no less than 32 minutes
to find the best reply.} (17... Rab8 18. Bc2 (18. Ba4 $6 Bxc4 19. Qxc4 Nxa5 20.
Qxa6 Ra8 21. Qe2 Nb3 22. Ra2 Nxc1 23. Rxc1 $11) 18... Rb5 {is a typical motive.
} 19. Nfxe5 (19. Ba4 Bxc4 20. Qxc4 Nxa5 (20... Rxa5 $6 21. Bxh6 $1 $16) 21. Qe2
Rbb8 $13) 19... Nxe5 20. Nxe5 Bxf2+ 21. Qxf2 Rxe5 {and White has the pair of
bishops though his structure is shattered. Moreover, the pawn on a6 might
become weak and White might play Bf4 followed by e5 to start an attack.} 22.
Bf4 Rc5 23. e5 Nd5 24. Bd2 $14 {[%cal Gf2g3]} Nxc3 25. Rac1 $1) 18. g4 Nf4 (
18... Rab8 $1 {to push White's bishop to a2 first would have been better.} 19.
Ba2 Nf4 20. Bxf4 exf4 {[%cal Gh6h5] and Black's threat ...h5 forces White to
exchange the bishop on e6 - but under less favorable conditions than in the
game.} 21. Ncd2 Bxa2 22. Rxa2) 19. Bxf4 exf4 20. Ncd2 Rfd8 21. e5 Rab8 {
White is under fire - the opening definitely did not go well for him: Black
occupies both open files, his king is safer and all his pieces are on good
positions. White, however, needs a couple of moves to consolidate his position.
} 22. Rab1 {White sacrifies a pawn to stop Black from becoming too active.} (
22. Bxe6 Qxe6 23. Qxa6 Rb2 {[%csl Gf2]} 24. Red1 (24. Rad1 Ra2 {[%cal Ga2a5]})
24... Qd5 $36 {Black has more than enough compensation for the pawn - the pawn
on e5 is weak.}) 22... Nxa5 23. Bc2 (23. Bxe6 Qxe6 24. Rxb8 Rxb8 $15 {and even
if White wins back his pawn with Qe4 and Qxf4 he is still worse.}) 23... Rxb1
24. Rxb1 {[%csl Rf4][%cal Ge2e4,Ge4h7]} Bd5 $1 {preventing attacking ideas and
protecting f4.} 25. Be4 (25. Qd3 g6) (25. Qxa6 Nc4 $1 26. Nxc4 Bxf3 $19) 25...
Nc6 26. Bxd5 Rxd5 27. Qe4 (27. Qxa6 Nxe5 28. Qa8+ Rd8 29. Rb8 Rxb8 30. Qxb8+
Kh7 31. Qb1+ g6 $17 {and Black is a solid pawn up.}) 27... Qe6 28. Nc4 (28. Nb3
Bb6 (28... Nxe5 $2 29. Nfd4 Qg6 $8 (29... Qd7 30. Nxc5 Rxc5 31. Rb8+ $18) 30.
Nxc5 Rxc5 31. Rb8+ Kh7 32. Qa8 $1 Qd3 33. Ne6 $3 fxe6 34. Rh8+ Kg6 35. Qe8+ Kg5
36. Qe7+ Kg6 37. Qe8+ $11) (28... Bf8 29. Nbd4 Nxd4 30. cxd4 {allows White to
consolidate.}) 29. c4 Rd8 30. c5 Ba7 31. Re1 $15) 28... Bf8 29. Qxf4 Rc5 30.
Ne3 Rxc3 $17 {the play is rather forced but in the end Black will remain a
pawn up.} 31. Rb7 Rc5 32. Rxc7 Nxe5 33. Rxc5 Nxf3+ 34. Qxf3 Bxc5 $17 {[#] The
dust has settled and Svidler is a clear pawn up which is supported by a
fantastic bishop and a strong black queen.} 35. Nf5 {Before making any
long-term decisions Svidler tries to improve his king's position.} Kh7 36. Qc3
Bf8 37. Ne3 g6 38. h4 Bg7 39. Qc5 Be5 40. h5 gxh5 41. gxh5 Kg7 42. Kg2 Bf4 43.
Nf5+ Kf6 44. Ng3 Bd6 45. Qd4+ Be5 46. Qc5 Kg5 47. Qa5 Kh4 $5 {the black king
joins the attack.} 48. Qa4+ Kg5 (48... Qg4 49. Qxa6 Qh3+ 50. Kg1 Bxg3 51. Qf6+
$1 Kg4 52. Qg7+ Kf3 53. Qc3+ $11) 49. Qa5 Qc6+ 50. Kh3 $6 (50. Kg1) 50... Kf6
51. Qd8+ Kg7 52. Nf5+ Kh7 53. Ng3 (53. Qd1 a5 54. Qe2 Bf6 55. Qa2 Qe6 $1 56.
Qc2 a4 $19) 53... Qf3 54. Qa5 Bd4 55. Qxa6 Bxf2 56. Qd6 Qxg3+ 0-1

[Event "Morelia/Linares 23rd"]
[Site "Morelia/Linares"]
[Date "2006.03.08"]
[Round "12"]
[White "Svidler, Peter"]
[Black "Aronian, Levon"]
[Result "1/2-1/2"]
[WhiteElo "2765"]
[BlackElo "2752"]
[Annotator "CB"]
[PlyCount "39"]
[EventDate "2006.02.18"]
[EventType "tourn"]
[EventRounds "14"]
[EventCountry "ESP"]
[EventCategory "20"]
[SourceTitle "CBM 112"]
[Source "ChessBase"]
[SourceDate "2006.06.07"]
[SourceVersion "1"]
[SourceVersionDate "2006.06.07"]
[SourceQuality "1"]

1. e4 e5 2. Nf3 Nc6 3. Bb5 a6 4. Ba4 Nf6 5. O-O Be7 6. Re1 b5 7. Bb3 O-O 8. a4
b4 (8... Bb7 {Leko-Ivanchuk, Morelia 4 2006}) 9. d3 d6 10. a5 ({A logical move.
Once the e5-pawn has been defended, Black threatens to place his queen's
knight on a5, putting certain pressure against the white queen side. For
instance,} 10. Nbd2 Na5 11. Ba2 Be6 12. Bxe6 fxe6 13. c3 bxc3 14. bxc3 Rb8 {
with good play for Black, Adams-Leko, Linares 2005}) 10... Be6 11. Nbd2 Qc8 12.
Nc4 h6 {#} 13. h3 ({Svidler had reached this position before, but with
opposite colours.} 13. c3 Rb8 (13... bxc3 14. bxc3 Rb8 {has been recommended,
although this gives White the additional possibility} 15. Ba3) 14. d4 Bg4 15.
Ba4 Qb7 16. d5 Na7 17. Ne3 {with advantage of space for White, Leko-Svidler,
San Luis 2005. We can suppose that Svidler deviated from this variation
because he had found an improvement for Black. Or maybe he was just tird after
the complicated game from yesterday and did not feel like opening the position
at such an early stage?!}) 13... Rb8 14. Be3 Rd8 15. Qe2 Bf8 16. Nfd2 Qb7 ({
An interesting novelty. In the ame Adams-Anand, San Luis 2005 Black initiated
the generally desirable transfer of the queen's knight to g6 with} 16... Ne7 $5
{but after} 17. d4 $1 {White obtained some pressure in the centre. Aronian
decided to keep his knight on c6 untill the danger of d3-d4 dissapears.}) 17.
Qf3 Kh7 18. Nf1 Ne7 {Now that the e4-pawn is insufficiently defended, Black
finally transfers the knight to the king side.} 19. Ng3 Ng6 20. Nh5 {#With all
the pieces on board, there is a lot of play left, of course, but the opponents
seem to have decided to preserve their forces for the decisive rounds.} 1/2-1/2

[Event "Morelia/Linares 23rd"]
[Site "Morelia/Linares"]
[Date "2006.03.08"]
[Round "12"]
[White "Topalov, Veselin"]
[Black "Ivanchuk, Vassily"]
[Result "1/2-1/2"]
[WhiteElo "2801"]
[BlackElo "2729"]
[Annotator "CB"]
[PlyCount "73"]
[EventDate "2006.02.18"]
[EventType "tourn"]
[EventRounds "14"]
[EventCountry "ESP"]
[EventCategory "20"]
[SourceTitle "CBM 112"]
[Source "ChessBase"]
[SourceDate "2006.06.07"]
[SourceVersion "1"]
[SourceVersionDate "2006.06.07"]
[SourceQuality "1"]

1. e4 e5 2. Nf3 Nc6 3. Bb5 a6 4. Ba4 Nf6 5. O-O Be7 6. Re1 b5 7. Bb3 O-O 8. h3
Bb7 9. d3 d6 10. a4 {#} Nb8 ({This knight retreat, which gives the position
certain resemblance with the Breyer Variation, seems to have never been played
before. Topalov's previous game in this line went} 10... h6 11. Bd2 b4 12. c3
a5 13. d4 bxc3 14. Bxc3 $5 {(An interesting concept. For the sake of rapid
piece development, White gives up his central chain of pawns.)} exd4 15. Nxd4
Nxd4 16. Qxd4 {with a promissing position for White, Topalov-Grischuk, Wijk
aan Zee 2005}) ({The main variation is considered to be} 10... Na5 11. Ba2 c5 {
but we shall see that Ivanchuk has entirely different plans regarding the
d5-square.}) 11. axb5 axb5 12. Rxa8 Bxa8 13. Na3 c6 {Not only defending the
b5-pawn, but also covering the d5-square. The passivity of the light-squared
bishp is of temporary nature.} 14. c4 $5 {To a certain extent, this is similar
to 14.Bxc3 from the previous note: White "sacrifices" the integrity of his
pawn structure for the sake of piece activity.} bxc4 15. Nxc4 Nbd7 16. Bd2 Re8
17. Qc2 Bf8 18. Ba2 Qb8 19. Bc3 h6 20. Ne3 Bb7 21. b4 d5 {After a laborious
manoeuvring phase, we finally have some tension in the centre.} 22. Ng4 Bd6 23.
Qb2 Nxg4 24. hxg4 c5 {#The situation becomes tenser and tenser. With his next
move, Topalov puts pressure against a far from obvious black weakness, the
f7-pawn.} 25. g5 hxg5 26. Nxg5 Qd8 27. bxc5 Nxc5 28. Bd2 f6 29. Be3 fxg5 {
The simplest way to equality, implying a pawn sacrifice.} 30. Bxc5 Bxc5 31.
Qxb7 Rf8 32. Qxd5+ Qxd5 33. Bxd5+ Kh7 34. Re2 g4 35. g3 Kh6 36. Kg2 Kg5 37. Rc2
{#White can hardly do anyhing more than move his rook along the second rank.}
1/2-1/2

[Event "Baku FIDE GP"]
[Site "Baku"]
[Date "2014.10.14"]
[Round "11"]
[White "Caruana, Fabiano"]
[Black "Tomashevsky, Evgeny"]
[Result "1/2-1/2"]
[WhiteElo "2844"]
[BlackElo "2701"]
[Annotator "CB"]
[PlyCount "67"]
[EventDate "2014.10.02"]
[EventType "tourn"]
[EventRounds "11"]
[EventCountry "AZE"]
[EventCategory "21"]
[SourceTitle "CBM 163"]
[Source "ChessBase"]
[SourceDate "2014.11.11"]
[SourceVersion "1"]
[SourceVersionDate "2014.11.11"]
[SourceQuality "1"]

1. e4 e5 2. Nf3 Nc6 3. Bb5 a6 4. Ba4 Nf6 5. O-O Be7 6. Re1 b5 7. Bb3 O-O 8. a4
Bb7 {Tomashevsky is a great expert in many Spanish systems. The quick a4 line
is done to avoid the Marshall Gambit, but the Russian player is well prepared.
He loves playing variations where he has the chance of sacrificing with d5
later on anyways.} 9. d3 d6 10. Nbd2 Na5 11. Ba2 c5 12. Nf1 bxa4 13. Ne3 Bc6
14. Nh4 Bd7 15. Nhf5 Rb8 16. Qf3 Kh8 17. Qg3 Nh5 18. Qg4 g6 19. Qf3 Nc6 (19...
gxf5 20. Qxh5 f4 21. Nf5 $14 {even though the attack is only a queen and a
knight, it is dangerous for Black. The back-up provided by the bishop on a2 is
sufficient to make it difficult for Black to repel White's pieces.}) 20. c3 Nf4
21. Nxe7 Qxe7 22. Nd5 Nxd5 23. Bxd5 f6 24. Qg3 Rb6 25. f4 (25. Rxa4 Nb4 $1 26.
Ra5 Nxd5 27. exd5 Bf5 $11) 25... exf4 26. Bxf4 Ne5 27. d4 g5 $1 {Most precise.}
(27... Nf7 $2 28. e5 $1 dxe5 29. dxe5 {gives White some initiative.}) 28. Bc1
cxd4 29. cxd4 Ng6 30. Qf2 Bc6 31. Be6 Rb4 32. Bf5 Nh4 33. d5 Bb5 34. Ra3 {
Black is up a pawn and a little better, but very far from winning.} 1/2-1/2

[Event "Linares 21st"]
[Site "Linares"]
[Date "2004.03.04"]
[Round "13"]
[White "Kasparov, Garry"]
[Black "Topalov, Veselin"]
[Result "1/2-1/2"]
[WhiteElo "2831"]
[BlackElo "2735"]
[Annotator "CB"]
[PlyCount "75"]
[EventDate "2004.02.19"]
[EventType "tourn"]
[EventRounds "14"]
[EventCountry "ESP"]
[EventCategory "20"]
[SourceTitle "CBM 100"]
[Source "ChessBase"]
[SourceDate "2004.06.01"]
[SourceVersion "1"]
[SourceVersionDate "2004.06.01"]
[SourceQuality "1"]

1. e4 e5 2. Nf3 Nc6 3. Bb5 a6 4. Ba4 Nf6 5. O-O Be7 6. Re1 b5 7. Bb3 O-O 8. a4
Bb7 9. d3 d6 10. Nbd2 Nd7 11. c3 Nc5 12. axb5 axb5 13. Rxa8 Qxa8 14. Bc2 b4 15.
d4 bxc3 16. bxc3 Nd7 17. Nf1 Bf6 18. d5 Ncb8 19. h4 Nc5 20. Ng3 Bc8 21. Ng5 h6
22. Nh5 Be7 23. Nh3 Qa2 24. Re3 g6 25. Rg3 Nbd7 26. Bxh6 Bxh4 27. Rg4 Be7 28.
Bg5 Bxg5 29. Nxg5 f5 30. exf5 gxh5 31. Rg3 Nf6 32. Ne6+ (32. Ne4+ Ng4 (32...
Kf7 33. Nxf6 Kxf6 34. Qxh5 e4 35. f4 Qxd5 (35... Qxc2 36. Rg6+ Ke7 37. Rg7+ Kd8
38. Qg5+ $18) 36. Rg6+ Ke7 37. Rg7+ $18) 33. Rxg4+ hxg4 34. Qxg4+ Kf7 35. Qg6+
Ke7 36. Qg7+ Ke8 37. f6 Rf7 38. Qg8+ Rf8 39. Nxd6+ cxd6 40. Bg6+ $18) 32... Kf7
33. Rg7+ Ke8 34. Nxc7+ Kd8 35. Ne6+ Ke8 36. Nc7+ Kd8 37. Ne6+ Ke8 38. Nc7+
1/2-1/2

[Event "Tata Steel-A 75th"]
[Site "Wijk aan Zee"]
[Date "2013.01.13"]
[Round "2"]
[White "Giri, Anish"]
[Black "Anand, Viswanathan"]
[Result "1/2-1/2"]
[WhiteElo "2720"]
[BlackElo "2772"]
[Annotator "CB"]
[PlyCount "92"]
[EventDate "2013.01.12"]
[EventType "tourn"]
[EventRounds "13"]
[EventCountry "NED"]
[EventCategory "20"]
[SourceTitle "CBM 153"]
[Source "ChessBase"]
[SourceDate "2013.03.14"]
[SourceVersion "1"]
[SourceVersionDate "2013.03.14"]
[SourceQuality "1"]

1. e4 e5 2. Nf3 Nc6 3. Bb5 a6 4. Ba4 Nf6 5. O-O Be7 6. Re1 b5 7. Bb3 O-O 8. d3
d6 9. a3 Nb8 10. Nbd2 Nbd7 11. Nf1 Nc5 12. Ba2 Be6 13. Bxe6 Nxe6 14. Ng3 g6 15.
c3 c5 16. Bh6 Re8 17. h3 Nd7 18. a4 Qb6 19. Nh2 Nf6 20. Ng4 {Giri: I thought
if he loses so much time I should punish him, and and I calculated a lot on
what if he takes, and not what if he doesn't.} Reb8 21. Re3 Qd8 22. Nf5 b4 23.
Rg3 bxc3 24. bxc3 Rb7 25. Rb1 Rxb1 26. Qxb1 Nxg4 27. Rxg4 Bf8 28. Qb7 Rb8 29.
Qd5 Nc7 ({Anand: My original idea was} 29... Nf4 {and after} 30. Bxf4 ({
At the last minute I saw} 30. Rxf4 exf4 31. Bxf8 Qxf8 32. Nxd6 {and with
enough pawns he is fine.}) 30... exf4 {the knight on f5 is basically doomed.})
30. Qc6 Ne8 31. Qxa6 Nf6 $2 ({Anand: after} 31... Qb6 {I get the game but with
two extra tempi and probably I'm just winning, or at least a better endgame.})
32. Rg5 $1 {Anand: This looks stupid, because he blocks the bishop -- blocks
everything -- but I cannot do anything with it.} Qb6 33. Qc4 Ne8 34. Rg3 Qb3
35. Qxb3 Rxb3 36. Bd2 Ra3 37. d4 Rxa4 38. dxe5 dxe5 39. Nh6+ Kg7 40. Rd3 Nf6
41. Ng4 Nxg4 42. hxg4 Rxe4 43. g5 Ra4 44. Kf1 Ra6 45. c4 Rd6 46. Ke2 Rxd3
1/2-1/2

[Event "Corus"]
[Site "Wijk aan Zee"]
[Date "2009.01.24"]
[Round "7"]
[White "Karjakin, Sergey"]
[Black "Aronian, Levon"]
[Result "1/2-1/2"]
[WhiteElo "2706"]
[BlackElo "2750"]
[Annotator "CB"]
[PlyCount "35"]
[EventDate "2009.01.17"]
[EventType "tourn"]
[EventRounds "13"]
[EventCountry "NED"]
[EventCategory "19"]
[SourceTitle "CBM 129"]
[Source "ChessBase"]
[SourceDate "2009.03.25"]
[SourceVersion "1"]
[SourceVersionDate "2009.03.25"]
[SourceQuality "1"]

1. e4 e5 2. Nf3 Nc6 3. Bb5 a6 4. Ba4 Nf6 5. O-O Be7 6. Re1 b5 7. Bb3 O-O 8. h3
{No Marshall. Kariakin prefers to avoid a theoretical duel and saves his
novelties for another day.} Bb7 {Nowadays, Black leaves the pawn on d7 a
little longer. maybe he can still play d5 in one move, and aso the bishop
retains the chance to come to c5.} 9. d3 d5 {See the previous note. Black is
ready to part with a pawn.} 10. exd5 Nxd5 11. a4 ({White plays it safe. The
point is that after} 11. Nxe5 Nd4 $1 {Black manages to exchange off the
powerful Spanish bishop.}) 11... Nd4 12. Nxd4 exd4 13. axb5 {The speed of play
suggests that both players were prepared for exactly this variation.} axb5 14.
Rxa8 Bxa8 15. Na3 {I have seen this position before. Yes, now I remember! It
was in December, at the Grand Prix in Elista, the game Leko-Jakovenko. White
quickly achieves a decisive advantage, but could not win. Peter's team was
very upset, and Dima was delighted...} Bb4 {Virtually the only sensible move.}
({If} 15... Qd7 16. Qg4 $1 {is very strong.}) ({and after} 15... Bxa3 16. bxa3
c5 17. Qg4 {White's two bishops give him a strong initiative.}) (15... b4 {
is just positionally bad.}) 16. Bd2 ({In the above-mentioned game, the players
first repeated moves:} 16. Re5 Bd6 17. Re1 Bb4 {and only then was} 18. Bd2 {
played.}) 16... Bxd2 17. Qxd2 Qf6 {I remember we analysed the text in the
press-centre at Elista, and we humans could not find any advantage for White.
Now we will see what Kariakin and his computer have come up with. Black offers
the b5-pawn,but prepares the powerful Nd5-f4.} ({Novelty! The Leko-Jakovenko
game went} 17... Bc6 $2 18. Re5 $1 b4 19. Nb5 $1 Nf6 20. Qf4 Bd5 21. Bxd5 Nxd5
22. Qxd4 c6 23. Na7 $1 Qc7 24. Nxc6 Qxc6 25. Rxd5 Qxc2 26. Qxb4 {and, believe
it or not, the Hungarian no. 1 and Super-GM could not realize the advantage of
two extra pawns.}) 18. Bxd5 {DRAW! A cynical decision, in my view. No fight at
all took place here. Poor show, Sergey. Poor show, Levon.} ({After} 18. Nxb5 {
there is} Nf4 19. f3 Qh6 20. Kh2 (20. Qf2 Qg5 $1) 20... Bxf3 21. gxf3 Qxh3+ 22.
Kg1 Qg3+ {and Black has at least a draw. Probably a draw at most, as well.})
1/2-1/2